000 01373nam0a22003251 4500
001 RU\NLR\INFOCOMM_161\5000083199
005 20250613100148.0
035 _a(NLR Aleph) 009330679
090 _a9451627
_c9451627
100 _a20101010d1989 |||y0rusy50 ca
101 0 _aeng
102 _aRU
105 _aa ||||000|y
200 1 _aInfluence of a coulomb-like interaction on radiation in nonrelativistic pair production
_fV. S. Fadin a. O. I. Yakovlev
210 _aNovosibirsk
_d1989
215 _a24, [7] с.
_cграф.
_d21 см
225 1 _aPreprint
_fInst. of nuclear physics
_v89-132
300 _aВ вып. дан.: Влияние кулоноподобного взаимодействия на изучение при рождении нерелятивистской пары частиц / В. С. Фадин, О. И. Яковлев
300 _aНа обл. надзаг. на рус. яз.
320 _aБиблиогр.: с. 24
606 _aЧастицы (физ.)
_xПары
_xОбразование заряженными частицами
_2nlr_sh1
686 _aВ315.4
_2rubbk
700 1 _aFadin
_bV. S.
_gViktor Sergeevič
_4070
701 1 _9z01790
_aJakovlev
_bO. I.
_4070
790 1 _9z01701
_aYakovlev
_bO. I.
_4070
801 1 _aRU
_bNLR
_c20101010
801 0 _aRU
_bNLR
_gPSBO
852 _aNLR
_jФз01 Д-4/5682
942 _cBOOK
980 _aNB